000 01345aaa a2200313 i 4500
999 _c34282
_d34282
001 768714001
003 CO-MdFUSB
005 20200625182608.0
007 ta
008 200625t1986 -us||||| |||| 00| 0 eng d
020 _a0877849986
040 _bspa.
_aCO-MdFUSB
_cCO-MdFUSB
_dCO-MdFUSBC
_erda
041 _aeng
082 0 4 _aG 232.3
_bS888
100 1 _aStott, John R. W.
_eautor
245 1 4 _aThe cross of Christ
_c/ John R.W. Stott
264 1 _aDowners Grove, USA :
_bInterVarsity Press,
_c[1986]
264 4 _c© 1986
300 _a383 Páginas
_c; 24 cm
336 _atexto
_btxt
_2rdacontent
337 _2rdamedia
_asin mediación
_bn
338 _2rdacarrier
_avolumen
_bnc
505 _aAcercándose a la cruz. La centralidad de la cruz; ¿Por qué murió Cristo? ; Mirando debajo de la superficie - El corazón de la cruz. El problema del perdón; Satisfacción por el pecado; La auto-sustitución de Dios - El logro de la cruz. La salvación de los pecadores; La revelación de Dios; La conquista del mal: vivir bajo la cruz. La comunidad de celebración; Autocomprensión y entrega de uno mismo; Amar a nuestros enemigos; Sufrimiento y gloria - Conclusión: la influencia dominante de la cruz.
563 _aRústico
650 0 _aCrucifixión
_91100
942 _cBK
945 _aJTF-925